000 00644nam a2200181Ia 4500
003 GCL
008 140319s9999 xx 000 0 ara d
040 _aGCL /
_cGCL
082 0 4 _a813.03
_bع ع
100 1 _aعبدالرحمن بن محمد مليبارى
245 1 0 _aعبدالجليل : السائر فى دفء الاشاعات الى عليائه /
_cعبدالرحمن بن محمد مليبارى
490 _aالهيئة العامة للاستعلامات
_v0
650 0 4 _aالادب العربى
650 0 4 _aالادب
650 0 4 _aالادباء العرب
650 0 4 _aالرواية العربية
942 _2ddc
_cBK
999 _c48035
_d48035